01324nas a2200301 4500001001000000003000900010005001700019007000300036008003400039040005400073041000900127072000800136100001900144100001900163245022100182246021000403650001300613650001800626650002000644650001400664650001400678650002100692773008100713909004000794942001800834999001900852952015100871BR8402471BR-BrBNA20231205085916.0ta230509b bl.|||p| |||| 00| 00por d aBR-BrBNAbporcBiblioteca Nacional de Agricultura a(Pt) aH201 aCampacci, C.A.1 aOliveira, D.A.1 aControle das manchas das folhas e verrugose do amendoim (Arachis hypogaea, L.)com fungicidas [cercosporiose, cercospora personata, Cercospora arachidicola, mancha barrenta, Ascochyta imperfecta, Sphaceloma arachidis]1 aChemical control of brown leaf spot and scab diseases of peanut (Arachis hypogaea, L.)[cercosporiosis, Cercospora personata, Cercospora arachidicola, muddy spot, Ascochyta imperfecta, Sphaceloma arachidis] aAMENDOIM aCERCOSPORIOSE aMANCHA BARRENTA aVERRUGOSE aFUNGICIDA aCONTROLE QUIMICO0 tBiologico (Brazil)xISSN 0366-0567g(Apr 1983), v. 49(4) p. 81-88wBR8402471 a202311bLúciac55dLúcia Elande 2AGRISn0cANA c114696d114696 002AGRIS4071a41918b41918cPeriódicos Agrícolash(Apr 1983), v. 49(4) p. 81-88l0r2023-11-29t01yCRePortaria Interministerial nº 164/94